Score 0/12 Timer 01:00
2 Plays Today
% Correct
Gordon Ramsay
92.1%
Donald Trump
91.4%
Tyra Banks
88.8%
Ryan Seacrest
86.4%
Jeff Probst
74.7%
Tom Bergeron
64.9%
Carson Daly
62.9%
Alison Sweeney
61.4%
Julie Chen
60.2%
Chris Harrison
58.4%
Anderson Cooper
51.7%
Phil Keoghan
49%

Today's Daily Dose

Remove Ads.
Support Sporcle.
Get the best of Sporcle when you Go Orange. This ad-free experience offers more features, more stats, and more fun while also helping to support Sporcle. Thank you for becoming a member.

You're not logged in!

Compare scores with friends on all Sporcle quizzes.
OR
Log In

Show Comments

Extras

Top Quizzes Today


Score Distribution

Your Account Isn't Verified!

In order to create a playlist on Sporcle, you need to verify the email address you used during registration. Go to your Sporcle Settings to finish the process.

Report this User

Report this user for behavior that violates our Community Guidelines.

Details: